000 00599nam a22001937a 4500
003 OSt
005 20210322115850.0
008 210322b ||||| |||| 00| 0 spa d
020 _a9789945094558
040 _aDO-SdBNP
_bspa
_cBNPHU
082 _axxx
_bF316f
100 1 0 _aFeliz, Carmen Manuela
_978205
245 1 0 _aFony uno :
_bsobre el fascinante juego de los jacks /
_cCarmen Manuela Feliz
260 _aSanto Domingo :
_bEdiciones Ricardo Sánchez Ran,
_c2020
300 _a27 p. :
_bil. ;
_c28 cm
590 _aInventariado, 2021 / DG
910 _aInventariado, 2021 / DG
942 _2ddc
_cLBS1
999 _c49643
_d49643